000 00895nam a22002417a 4500
005 20240530110855.0
008 211004s2021 ua a g b 000 0 ara d
017 _bمصر. دار الكتب
020 _a9786144368794
040 _aEG-CaGPL
_cEG-CaGPL
082 0 4 _221
_a303.625\
_bق آ
100 0 _aقهرمان عثمان محمود
245 1 0 _aاليات محاكمة افراد تنظيم داعش المتهمين بارتكاب الجرائم الدولية /
_cقهرمان عثمان محمود
250 _aط.1
260 _aالقاهرة :
_bمنشورات زين الحقوقية ،
_c2021
300 _a312 ص. ؛
_c24 سم.
650 0 7 _2qrmak
_aداعش
650 0 7 _aالمحكمة الجنائية الدولية
650 0 7 _aجرائم الحرب
650 0 7 _aالقانون الدولى الجنائى
_2qrmak
651 _2qrmak
942 _2ddc
_cBK
999 _c66028
_d66028